| 000 | 01117cam a22003375a 4500 | ||
|---|---|---|---|
| 001 | 016333675 | ||
| 003 | OSt | ||
| 005 | 20201128021403.0 | ||
| 008 | 131120t2014 enka frd 001 0 eng d | ||
| 020 | _a9781292000275 | ||
| 020 | _a1292000279 | ||
| 040 |
_aStDuBDS _beng _cStDuBDS _dUk _dEG-ScBUE |
||
| 082 | 0 | 4 |
_a332.6 _222 _bSMA |
| 100 | 1 |
_aSmart, Scott B. _939144 |
|
| 245 | 1 | 0 |
_aFundamentals of investing / _cScott Smart, Lawrence Gitman, Michael Joehnk. |
| 250 |
_a12th ed., International ed. / _bcontributions by Anisha Sharma. |
||
| 260 |
_aHarlow : _bPearson Education Limited, _cc.2014. |
||
| 300 |
_a(various pagings) : _bill. (col.) ; _c26 cm. |
||
| 490 | 0 | _aThe Pearson series in finance. | |
| 500 | _aIncludes index. | ||
| 500 | _aIncludes glossary. | ||
| 500 | _aText on inside cover. | ||
| 650 | 7 |
_aInvestments. _2BUEsh _99026 |
|
| 650 | 7 |
_aPortfolio management. _2BUEsh _92032 |
|
| 651 | _2BUEsh | ||
| 653 |
_bBUSADM _cJune2015 _cJanuary2016 _cFebruary2016 |
||
| 700 | 1 | _aGitman, Lawrence J. | |
| 700 | 1 |
_aJoehnk, Michael D. _911772 |
|
| 700 | 1 |
_aSharma, Anisha, _econtributor. |
|
| 942 | _2ddc | ||
| 999 |
_c20072 _d20044 |
||